Normal view
MARC view
Entry Personal Name
001 - CONTROL NUMBER
- control field: 37588
003 - CONTROL NUMBER IDENTIFIER
- control field: ARRUPE
005 - DATE AND TIME OF LATEST TRANSACTION
- control field: 20171114114052.0
008 - FIXED-LENGTH DATA ELEMENTS
- fixed length control field: 171114|| aca||aabn | a|a d
040 ## - CATALOGING SOURCE
- Original cataloging agency: ARRUPE
- Transcribing agency: ARRUPE
100 ## - HEADING--PERSONAL NAME
- Personal name: Frankl, Viktor E.
- Fuller form of name: (Viktor Emil),
- Dates associated with a name: 1905-1997,
- Relator term: author.
670 ## - SOURCE DATA FOUND
- Source citation: Work cat.: (ARRUPE)0: Frankl, Viktor E. (Viktor Emil), 1905-1997, author., Man's search for meaning /